000 00787nam a2200241Ia 4500
003 OSt
005 20220923224858.0
006 a|||||r|||| 00| 0
007 ta
008 220922b |||||||| |||| 00| 0 hin d
024 _a252,983
037 _cTextual
040 _aARTS
_cARTS
_bhin
041 _2hin
_ahin
082 _aO152,3J82,SA:g, M3
100 _aताकाहाशि अकिरा
245 0 _aदक्खिनी हिन्दी का भाषा विश्लेषण
246 _aDakkhinī hindī kā bhāṣhā vishleṣhaṇa
260 _c1983
650 _aहिन्दी साहित्य
_9156264
942 _hO152,3J82,SA:g, M3
_cTEXL
_2CC
999 _c374347
_d374347